000 00468nam a2200181Ia 4500
005 20230424101152.0
008 131103s9999 xx 000 0 und d
040 _aLoreto College
041 _aEnglish
082 _a823.5
_bSWI
100 _aSwift,Jonathan
245 _aGulliver's travels
_cJonathan Swift;foreword by Harold Williams
260 _aLondon
_bJ.M.Dent
_c1961
300 _axiv,318 p.
700 _aWilliams,Harold
850 _aLCLIB
942 _cBK
999 _c5652
_d56131